| 000 | 00876nam a2200241 i 4500 | ||
|---|---|---|---|
| 001 | bg | ||
| 245 | 0 | 0 |
_aWielki słownik polsko-niemiecki z suplementem. _nT. 2, _pP-Ż / _cJan Piprek [et al. ; red. nauk. Gerard Koziełek]. |
| 246 | 1 | 1 | _aGrosswörterbuch Polnisch-Deutsch mit Nachtrag |
| 250 | _a[Wyd. 13, supl. 10]. | ||
| 260 |
_aWarszawa : _b"Wiedza Powszechna", _c1998. |
||
| 300 |
_aXVIII, 1207 s. ; _c24 cm. |
||
| 500 | _aT. 1 pod hasłem : Piprek Jan, Ippoldt Juliusz. - Tyt. równol. : Grosswörterbuch Polnisch-Deutsch mit Nachtrag. | ||
| 650 | 9 | _aSłownik polsko-niemiecki | |
| 700 | 1 | _aPIPREK, Jan. | |
| 700 | 1 |
_aKOZIEŁEK, Gerard _d(1928- ). _eRed. |
|
| 020 | _a8321407935 (2 t.) | ||
| 040 | _cBPK | ||
| 041 | 0 | _adepl | |
| 080 | _a811.162.1::811.112.2]'374 | ||
| 920 | _a83-214-0793-5 (2 t.) | ||
| 942 | _cKS | ||
| 008 | s pl f |000 0 pol | ||
| 999 |
_c34342 _d34342 |
||